000
00268nam a2200121Ia 4500
001
28026
003
92716
005
20201025090900.0
008
||||||n9999 ||| || ||
245
0
_a
Herencia y la etiologia de las neurosis
562
_e
0
942
_c
CHAP
999
_c
28026
_d
28026